[Event "Copenhagen KS"]
[Site "Copenhagen"]
[Date "1996.??.??"]
[Round "5"]
[White "Nielsen, Peter Heine"]
[Black "Borge, Nikolaj"]
[Result "1-0"]
[WhiteElo "2530"]
[BlackElo "2455"]

1.Nf3 d5 2.g3 Bg4 3.Bg2 Nd7 4.c4 dxc4 5.Na3 e5 6.Nxc4 f6 7.d4 Be6 8.Qc2 Bb4+
9.Bd2 Bxd2+ 10.Ncxd2 c6 11.Rd1 Nh6 12.dxe5 fxe5 13.h4 Nf7 14.Ng5 Nxg5 15.hxg5 Qxg5
16.Ne4 Qe7 17.Nd6+ Kf8 18.O-O Nf6 19.e4 Rd8 20.Qc5 Rxd6 21.Qxd6 Qxd6 22.Rxd6 Ke7
23.Rd2 h5 24.Rc1 h4 25.b4 hxg3 26.fxg3 a6 27.Rc3 Bf7 28.a4 Bg6 29.Rc5 Ke6
30.Rc4 Be8 31.Rd8 b5 32.axb5 axb5 33.Rxc6+ Bxc6 34.Rxh8 Bxe4 35.Bf1 Bc6 36.Rb8 Nd5
37.Bxb5 Nxb4 38.Bc4+ Nd5 39.Rg8 Kf6 40.Rc8 Ne7 41.Rf8+ Kg6 42.Be6 Bd5 43.Bd7 Bf7
44.g4 Bd5 45.Kf2 Kg5 46.Kg3 g6 47.Re8 Kf6 48.g5+ Kf7 49.Rh8 Nf5+ 50.Kf2 Be6
51.Bc6 Ke7 52.Rh7+ Kd6 53.Be4 Ne7 54.Rg7 Bf5 55.Bxf5 gxf5 56.Rf7 e4 57.Rf6+ Ke5
58.Ra6 Nd5 59.g6 e3+ 60.Kf3 e2 61.Kf2  1-0

[Event "Obro Nytaar op"]
[Site "Copenhagen"]
[Date "1996.??.??"]
[Round "5"]
[White "Christensen, Bo Garner"]
[Black "Bjerring, Kai"]
[Result "0-1"]
[WhiteElo "2230"]
[BlackElo "2340"]

1.Nf3 d5 2.g3 c6 3.Bg2 g6 4.d4 Bg7 5.O-O Nf6 6.c4 O-O 7.b3 Bf5 8.Nc3 Ne4
9.Bb2 Nxc3 10.Bxc3 Be4 11.Rc1 Nd7 12.cxd5 Bxd5 13.e3 a5 14.Qc2 Nf6 15.Nd2 Bxg2
16.Kxg2 Nd5 17.Ne4 f5 18.Nc5 b6 19.Nd3 c5 20.Ba1 cxd4 21.Bxd4 Bxd4 22.exd4 Rc8
23.Qe2 Qd6 24.Rfe1 Rxc1 25.Rxc1 Nf6 26.Nf4 Qxd4 27.Qe6+ Kh8 28.Qxe7 Qe4+
29.Qxe4 Nxe4 30.Rc6 Rb8 31.f3 Ng5 32.h4 Nf7 33.a4 b5 34.Ra6 bxa4 35.bxa4 Rb2+
36.Kh3 Ne5 37.Ra8+ Kg7 38.Ne6+ Kh6 39.Ng5 Nd3 40.g4 f4 41.Ra7 Nf2+ 42.Kg2 Ne4+
43.Kh3 Nf2+ 44.Kg2 Ne4+ 45.Kh3 Nxg5+ 46.hxg5+ Kxg5 47.Rxa5+ Kh6 48.Rb5 Ra2
49.Rb4 g5 50.Rb6+ Kg7 51.Rb7+ Kf6 52.Rxh7 Rf2 53.a5 Rxf3+ 54.Kh2 Ra3 55.a6 Ra2+
56.Kg1 Ke5 57.Ra7 Ke4 58.Rg7 Kf3  0-1

[Event "Politiken Cup"]
[Site "Copenhagen"]
[Date "1996.??.??"]
[Round "7"]
[White "Hansen, Lars Bo"]
[Black "Wells, Peter K"]
[Result "1/2-1/2"]
[WhiteElo "2565"]
[BlackElo "2495"]

1.Nf3 d5 2.g3 c6 3.Bg2 Bg4 4.O-O Nd7 5.d4 e6 6.Nbd2 Ngf6 7.Re1 Be7 8.e4 dxe4
9.Nxe4 a5 10.a4 O-O 11.c3 Nxe4 12.Rxe4 Nf6 13.Re1 Qb6 14.h3 Bxf3 15.Bxf3 Nd5
16.Qc2 Rfd8 17.Bd2 Rd7 18.Rad1 Bf6 19.Bc1 Rad8 20.h4 c5 21.dxc5 Qxc5 22.Qb3 g6
23.Bh6 Bg7 24.Bg5 Rc8 25.Bxd5 exd5 26.Be3 Qc4 27.Qxc4 Rxc4 28.Bb6 h5 29.Bxa5 Rxa4
30.Bb6 Rd6 31.Re8+ Kh7 32.Bc5 Rd7 33.Re2 Rc4 34.Bb6 Rd6 35.Ba7 d4 36.cxd4 b6
37.d5 Rc5 38.Re7 Rcxd5 39.Rxd5 Rxd5 40.Rxf7 Rb5 41.Rb7 Rxb2 42.Kg2 Kg8 43.Rxb6 Rxb6
44.Bxb6 Kf7 45.f3  1/2-1/2

[Event "Politiken Cup"]
[Site "Copenhagen"]
[Date "1996.??.??"]
[Round "8"]
[White "Gausel, Einar"]
[Black "Baburin, Alexander"]
[Result "1/2-1/2"]
[WhiteElo "2515"]
[BlackElo "2505"]

1.Nf3 d5 2.g3 Nf6 3.Bg2 g6 4.O-O Bg7 5.d3 O-O 6.c3 h6 7.Nbd2 Re8 8.Ne5 Nbd7
9.Ndf3 c6 10.Qb3 Nxe5  1/2-1/2

[Event "Politiken Cup"]
[Site "Copenhagen"]
[Date "1996.??.??"]
[Round "8"]
[White "Dahl Pedersen, H."]
[Black "Brondum, Eric"]
[Result "1-0"]
[WhiteElo "2185"]
[BlackElo "2270"]

1.Nf3 d5 2.g3 Bg4 3.Ne5 Bf5 4.Bg2 Nd7 5.d4 Nxe5 6.dxe5 c6 7.O-O e6 8.Nc3 Bb4
9.Bd2 Ba5 10.e3 Ne7 11.Ne2 Bc7 12.f4 O-O 13.Nd4 Bg6 14.h4 c5 15.h5 cxd4 16.hxg6 hxg6
17.exd4 Nf5 18.c3 Nxg3 19.Rf3 Nf5 20.Rh3 Bb6 21.Qe2 Re8 22.Bf3 Kf8 23.Bg4 Nh6
24.f5 exf5 25.Bf3 g5 26.Rh5 f6 27.Qh2 Rxe5 28.Bxg5 Ng8 29.Qxe5 fxe5 30.Bxd8 Rxd8
31.Rxf5+ Nf6 32.Rxe5 Kf7 33.Kg2 Bc7 34.Re2 g5 35.Rf2 Kg6 36.Be2 Re8 37.Raf1 Ne4
38.Bd3 Bf4 39.Re2 Kf5 40.c4 Rh8 41.Rh1 Rxh1 42.Kxh1 Kg4 43.Bxe4 dxe4 44.Rxe4 Kf3
45.Re7 g4 46.Rf7  1-0

[Event "Politiken Cup"]
[Site "Copenhagen"]
[Date "1996.??.??"]
[Round "8"]
[White "Hjartarson, Johann"]
[Black "Petursson, Margeir"]
[Result "1/2-1/2"]
[WhiteElo "2570"]
[BlackElo "2585"]

1.Nf3 d5 2.g3 c6 3.Bg2 Nf6 4.O-O Bf5 5.d3 h6 6.Nbd2 e6 7.Qe1 Bh7 8.e4 dxe4
9.dxe4 Nbd7 10.Qe2 Be7 11.Nb3 O-O  1/2-1/2

[Event "Politiken Cup"]
[Site "Copenhagen"]
[Date "1996.??.??"]
[Round "10"]
[White "Kogan, Artur"]
[Black "Gausel, Einar"]
[Result "1-0"]
[WhiteElo "2485"]
[BlackElo "2515"]

1.Nf3 d5 2.g3 c6 3.Bg2 Bg4 4.b3 Nd7 5.Bb2 Ngf6 6.O-O e6 7.d3 Bc5 8.Nbd2 O-O
9.h3 Bh5 10.d4 Be7 11.c4 b5 12.g4 Bg6 13.Nh4 bxc4 14.bxc4 Qa5 15.Nxg6 hxg6
16.c5 g5 17.e3 Rab8 18.Qc2 Nh7 19.f4 gxf4 20.Nb3 Qa4 21.exf4 Nhf6 22.f5 exf5
23.Qxf5 Rb7 24.h4 Ne4 25.Bxe4 dxe4 26.g5 g6 27.Qg4 e3 28.Qe2 Rb4 29.Qxe3 Bxc5
30.h5 Bd6 31.hxg6 Ne5 32.gxf7+ Kg7 33.Nc5  1-0

[Event "CZE-chT 9596"]
[Site "?"]
[Date "1996.??.??"]
[Round "3"]
[White "Vavruska, David"]
[Black "Velicka, Petr"]
[Result "0-1"]
[WhiteElo "2265"]
[BlackElo "2420"]

1.Nf3 d5 2.g3 Nf6 3.Bg2 Bg4 4.d3 e6 5.Nbd2 Be7 6.O-O O-O 7.e4 Nc6 8.h3 Bh5
9.g4 dxe4 10.dxe4 Bg6 11.Qe2 Nd7 12.Nc4 b5 13.Ncd2 Rb8 14.Nb3 e5 15.a4 a6
16.Rd1 Qe8 17.axb5 axb5 18.Ra6 Nb6 19.c3 Nc4 20.Nfd2 Nxd2 21.Bxd2 Nd8 22.Nc1 Ne6
23.Nd3 Bd6 24.Be3 f6 25.b4 Ra8 26.Rda1 Rxa6 27.Rxa6 Bf7 28.Bf1 Qc8 29.Ra5 Qd7
30.Nc5 Bxc5 31.bxc5 c6 32.Qd3 Qb7 33.Qb1 Nc7 34.Qa1 Ra8 35.Rxa8+ Qxa8 36.Qd1 Qc8
37.Qd6 Ne6 38.Kh2 Qc7 39.Qd2 Qd8 40.Qxd8+  0-1

[Event "CZE-chT 9596"]
[Site "?"]
[Date "1996.??.??"]
[Round "4"]
[White "Freisler, Pavel"]
[Black "Trichkov, Vasil"]
[Result "0-1"]
[WhiteElo "2350"]
[BlackElo "2415"]

1.Nf3 d5 2.g3 Nf6 3.Bg2 c6 4.b3 Bf5 5.Bb2 e6 6.d3 Bc5 7.Nbd2 O-O 8.O-O Nbd7
9.Qe1 Qe7 10.a3 e5 11.b4 Bb6 12.e4 dxe4 13.dxe4 Bg4 14.Nc4 Bc7 15.h3 Bxf3
16.Bxf3 Qe6 17.Ne3 Qxh3 18.Qe2 Rfe8 19.Nf5 h5 20.Bg2 Qg4 21.Bf3 Qg6 22.Kg2 Nf8
23.Rh1 Ne6 24.Kf1 Nd4 25.Bxd4 exd4 26.Bxh5 Qg5 27.Bf3 a5 28.Rd1 axb4 29.axb4 Nd5
30.Qc4 Ra3 31.Nxd4 Qf6 32.Kg2 Rc3 33.Qa2 Nb6 34.Rh5 Be5 35.Rdh1 g6 36.Rh8+ Qxh8
37.Rxh8+ Bxh8 38.Ne2 Rc4 39.Qb3 Rd8 40.Qe3 Rxb4 41.Qc5 Rb2 42.Nf4 Bf6 43.Nd3 Rb5
44.Qa3 Nc4 45.Qa2 Nd2 46.Qa4 Kg7 47.Qa7 Nc4 48.Be2 Bd4 49.Qa2 Nd6 50.c4 Rb6
51.c5 Ra6 52.Qc2 Nb5 53.Nb4 Ra5 54.Bxb5 Rxb5 55.Nd3 Ra5 56.Qc4 Ra3 57.Nf4 Rc3
58.Qb4 Rc2 59.Qxb7 Rxf2+ 60.Kh3 Rh8+ 61.Kg4 Re8 62.Qxc6 Rxe4 63.Kh3 Re3 64.Ng2 Ree2
65.Qd5 Be5 66.Nh4 Re3 67.Ng2 Rxg3+ 68.Kh4 Rf5  0-1

[Event "CZE-chT 9596"]
[Site "?"]
[Date "1996.??.??"]
[Round "4"]
[White "Pribyl, Josef"]
[Black "Mozny, Milos"]
[Result "1/2-1/2"]
[WhiteElo "2405"]
[BlackElo "2425"]

1.Nf3 d5 2.g3 g6 3.c4 c6 4.cxd5 cxd5 5.d4 Nf6 6.Bg2 Bg7 7.O-O O-O 8.Nc3 Nc6
9.Ne5 e6 10.f4 Nd7 11.Nxd7 Bxd7  1/2-1/2

[Event "CZE-chT 9596"]
[Site "?"]
[Date "1996.??.??"]
[Round "6"]
[White "Pekarek, Ales"]
[Black "Vavruska, David"]
[Result "0-1"]
[WhiteElo "2445"]
[BlackElo "2265"]

1.Nf3 d5 2.g3 Nf6 3.Bg2 c6 4.b3 Bf5 5.Bb2 h6 6.O-O Nbd7 7.c4 e6 8.Nc3 Be7
9.Rc1 O-O 10.d3 Bh7 11.Qc2 Qa5 12.Nd1 Ba3 13.Bc3 Bb4 14.Ba1 Ba3 15.Rb1 b5
16.Ne3 Rac8 17.Ne5 Nxe5 18.Bxe5 Nd7 19.Ba1 Be7 20.Rfc1 Qa6 21.Bh3 dxc4 22.bxc4 b4
23.Qb2 Nf6 24.c5 Rb8 25.Rc4 Qa4 26.Rbc1 Rb5 27.Bg2 Rc8 28.Ng4 Qa5 29.Qd2 Nxg4
30.Rxg4 Bg6 31.Be4 Bg5 32.Rxg5 hxg5 33.Bxg6 fxg6 34.Qxg5 Qxa2 35.Qe7 e5 36.Qxe5 Qf7
37.Rc4 Qf6 38.Qxf6 gxf6 39.Bxf6 Ra5 40.Be5 Ra4  0-1

[Event "CZE-chT 9596"]
[Site "?"]
[Date "1996.??.??"]
[Round "9"]
[White "Mitura, Vaclav"]
[Black "Knazovcik, Ladislav"]
[Result "1/2-1/2"]
[WhiteElo "2230"]
[BlackElo "2330"]

1.Nf3 d5 2.g3 Nf6 3.Bg2 Nbd7 4.c4 c6 5.cxd5 cxd5 6.Qa4 e6 7.O-O Be7 8.d3 O-O
9.Nc3 a6 10.Qc2 b5 11.Bf4 Bb7 12.Rfc1 Rc8 13.Qd2 Qb6 14.Be3 Qd6 15.a4 b4
16.Na2 e5 17.d4 e4 18.Bf4 Qe6 19.Ne5 a5 20.Rxc8 Rxc8 21.Nc1 Bd8 22.Nb3 Bb6
23.Rc1 Rxc1+ 24.Qxc1 Nxe5 25.Bxe5 Ne8 26.Nc5 Qc6 27.Bh3 Bc8 28.Bf1 f6 29.Bf4 g5
30.Be3 Ng7 31.f4 g4 32.h3 h5 33.hxg4 hxg4 34.Bf2 Ne6 35.f5 Nxc5 36.dxc5 Bc7
37.Qh6 Bxf5 38.Bd4 Bd8 39.Qh5 Qe6 40.e3 Kg7 41.Bb5 Bg6 42.Qg5 Qf5 43.Qxf5 Bxf5
44.Kf2 Bc7 45.Bc6 Be6 46.b3 Kf7 47.Bb7 Ke7 48.Bc6 Be5 49.Ba8 Kd7 50.Bb7 Kc7
51.Ba8 Bf7 52.Kg2 Kb8 53.Bc6 Kc7 54.Ba8 Kd7 55.Bb7  1/2-1/2

[Event "CZE-chT 9596"]
[Site "?"]
[Date "1996.??.??"]
[Round "9"]
[White "Freisler, Pavel"]
[Black "Polak, Tomas"]
[Result "0-1"]
[WhiteElo "2350"]
[BlackElo "2440"]

1.Nf3 d5 2.g3 Nf6 3.Bg2 c6 4.O-O Bg4 5.d3 Nbd7 6.Nbd2 e6 7.e4 Bd6 8.Qe2 O-O
9.h3 Bxf3 10.Nxf3 Qc7 11.Bg5 e5 12.exd5 cxd5 13.c3 Rfe8 14.Rfe1 h6 15.Be3 Rad8
16.Qd2 a6 17.Nh4 Bf8 18.Nf5 Nb8 19.d4 e4 20.g4 Qd7 21.Bf4 Nc6 22.Qe3 Re6
23.Qg3 Ne7 24.Ne3 Ng6 25.Bc7 Rc8 26.Be5 Rce8 27.Bb8 h5 28.Bf4 Nxf4 29.Qxf4 g6
30.Qg5 Rd8 31.Rad1 Kh7 32.Bf1 Be7 33.Qf4 Bd6 34.Qg5 Qc7 35.gxh5 gxh5 36.Qf5+ Kh6
37.Kh1 Bf4 38.Be2 Bxe3 39.fxe3 Qg3 40.Rg1 Qxe3 41.Bxh5 Nxh5  0-1

[Event "CZE-chT 9596"]
[Site "?"]
[Date "1996.??.??"]
[Round "10"]
[White "Michalek, Jan"]
[Black "Knazovcik, Ladislav"]
[Result "0-1"]
[WhiteElo "2285"]
[BlackElo "2330"]

1.Nf3 d5 2.g3 Nf6 3.c4 c6 4.b3 Bg4 5.Bg2 e6 6.O-O Nbd7 7.Bb2 Be7 8.d3 O-O
9.Nbd2 Re8 10.h3 Bh5 11.Rc1 Rc8 12.Rc2 Qa5 13.Qa1 Ba3 14.Bc3 Bb4 15.Bxb4 Qxb4
16.a3 Qd6 17.Rfc1 Qb8 18.g4 Bg6 19.Nh4 Nf8 20.Ndf3 N6d7 21.b4 a6 22.Qb2 dxc4
23.Rxc4 Nb6 24.R4c2 e5 25.Qb3 Rcd8 26.Ng5 Rd7 27.Ne4 Qd8 28.Nxg6 Nxg6 29.Nc5 Rc7
30.e3 Nd7 31.Nxd7 Rxd7 32.Be4 Rd6 33.Kg2 Qh4 34.Qc3 h5 35.f3 Qg5 36.Qe1 Nh4+
37.Kh1 hxg4 38.fxg4 Rh6 39.Rh2 Rd8 40.Qf2 Rf6 41.Qe2 Rf8 42.Rg1 Rh6 43.Qf2 Rf6
44.Qe2 Ng6 45.Qe1 Nh4 46.Qe2 Ra8 47.Rb1 b6 48.a4 Rc8 49.Rf2 Rh6 50.Kh2 Rf8
51.Rbf1 Qe7 52.Qa2 Ng6 53.Rf3 Nh4 54.Rg3 g5 55.Qc4 b5 56.axb5 axb5 57.Qc3 Qe6
58.Rc1 Rc8 59.Rgg1 Rf6 60.Kg3 Qd6 61.Qc5 Qe6 62.Rc2 Rc7 63.Ra1 Ng6 64.Ra8+ Kg7
65.Rb8 Ne7 66.Rxb5 Rd7 67.Rb8 Qb3 68.Qc3 Qb1 69.Rc1 Qa2 70.Qc2 Qa7 71.Re8 Qxe3+
72.Kg2 Ng6 73.Bxg6 fxg6 74.Qa2 Rdf7 75.Rc2 Rf1  0-1

[Event "CZE-chT2b 9596"]
[Site "CZE"]
[Date "1996.??.??"]
[Round "?"]
[White "Hallerova, Eva"]
[Black "Richtrova, Eliska"]
[Result "1/2-1/2"]
[WhiteElo "2160"]
[BlackElo "2330"]

1.Nf3 d5 2.g3 g6 3.Bg2 Bg7 4.d3 e5 5.O-O Nc6 6.Nc3 Nf6 7.e4 dxe4 8.dxe4 Bg4
9.Be3 O-O 10.h3 Qxd1 11.Raxd1 Bxf3 12.Bxf3 Rfd8 13.Nb5 Ne8 14.c3 a6 15.Na3 Rxd1
16.Rxd1 Rd8 17.Rxd8 Nxd8 18.Bd1 Bf8 19.Nc4 f6 20.Bb3 Kg7 21.Kg2 Nc6 22.f4 b5
23.Nd2 Nd6 24.a4 Na5 25.Bc2 Ndc4 26.Nxc4 bxc4 27.Bd1 Nb3 28.Be2 Bc5 29.Bxc5 Nxc5
30.a5 Nb7 31.Bxc4 Nxa5 32.Bxa6 Nb3 33.Kf3 Kf8 34.fxe5 fxe5 35.g4 h6 36.h4 g5
37.hxg5 hxg5 38.Ke3 Ke7 39.Bc4 Nc5 40.b4 Na4 41.Kd2 Nb6 42.Bb3 Kd6 43.Kd3  1/2-1/2

[Event "CZE-chT1 9596"]
[Site "CZE"]
[Date "1996.??.??"]
[Round "?"]
[White "Mojzis, Jaroslav"]
[Black "Simek, Petr"]
[Result "0-1"]
[WhiteElo "2220"]
[BlackElo "2145"]

1.Nf3 d5 2.g3 c6 3.Bg2 Bg4 4.c4 e6 5.b3 Nd7 6.Bb2 Ngf6 7.O-O Be7 8.d3 O-O
9.Nbd2 a5 10.a3 Ne8 11.Qc2 Bf6 12.b4 Nc7 13.e4 axb4 14.axb4 Na6 15.Bxf6 Qxf6
16.Rab1 Nc7 17.b5 Rfc8 18.Rfc1 dxc4 19.bxc6 bxc6 20.Qxc4 Bxf3 21.Nxf3 Nb5
22.e5 Nxe5 23.Nxe5 Qxe5 24.Qc5 Qxc5 25.Rxc5 Nd4 26.h4 Rc7 27.Kh2  0-1

[Event "CZE-chT1 9596"]
[Site "CZE"]
[Date "1996.??.??"]
[Round "?"]
[White "Mojzis, Jaroslav"]
[Black "Schula, Michal"]
[Result "1-0"]
[WhiteElo "2220"]
[BlackElo "2270"]

1.Nf3 d5 2.g3 Bg4 3.Bg2 Nd7 4.c4 e6 5.b3 c6 6.Bb2 f5 7.Nd4 Qe7 8.cxd5 cxd5
9.O-O Rc8 10.d3 Ngf6 11.Nd2 Kf7 12.Rc1 Qd8 13.Rxc8 Qxc8 14.Qb1 Bb4 15.Rc1 Qb8
16.Qc2 a6 17.a3 Bd6 18.e4 g6 19.exd5 exd5 20.Nf1 Nb6 21.Ne3 Rc8 22.Qd2 Rxc1+
23.Qxc1 Qe8 24.Qd2 f4 25.Nxg4 Nxg4 26.gxf4 Qe7 27.h3 Nf6 28.Qe3 Nh5 29.Nf3 Qxe3
30.fxe3 Bc5 31.Bd4 Nd7 32.Ng5+ Ke7 33.Bxc5+ Nxc5 34.Bxd5 h6 35.Ne4 Nxd3 36.Bxb7 Nc1
37.b4 a5 38.bxa5 Kd7 39.a6 Kc7 40.Bd5 Kb6 41.Bc4 Ng7  1-0

[Event "CZE-chT2c 9596"]
[Site "CZE"]
[Date "1996.??.??"]
[Round "4"]
[White "Berezjuk, Sergej"]
[Black "Vechet, Stanislav"]
[Result "1-0"]
[WhiteElo "2395"]
[BlackElo "2255"]

1.Nf3 d5 2.g3 c6 3.Bg2 Bg4 4.O-O Nd7 5.d3 e5 6.Nbd2 Ngf6 7.h3 Bxf3 8.Nxf3 Bd6
9.Nh4 O-O 10.Nf5 Bc5 11.e4 Re8 12.Qf3 Bf8 13.g4 Nb6 14.Bg5 Re6 15.Rad1 Qc7
16.h4 Ne8 17.Bc1 Nd6 18.g5 Rd8 19.Qg3 Ree8 20.Ne3 dxe4 21.dxe4 g6 22.Ng4 Bg7
23.f4 Nb5 24.Rxd8 Qxd8 25.fxe5 Nd7 26.Qf2 Re7 27.Rd1 Nc7 28.Nf6+ Kh8 29.Qd2  1-0

[Event "Decin op"]
[Site "Decin"]
[Date "1996.??.??"]
[Round "3"]
[White "Mirumian, Vigen"]
[Black "Prandstetter, Eduard"]
[Result "1/2-1/2"]
[WhiteElo "2430"]
[BlackElo "2370"]

1.Nf3 d5 2.g3 Nf6 3.Bg2 e6 4.O-O Be7 5.c4 O-O 6.b3 c6 7.Bb2 Nbd7 8.d3 b5
9.Nbd2 Ba6 10.Rc1 Qb6 11.Rc2 Rfd8 12.Qa1 Ne8 13.Rfc1 bxc4 14.bxc4 Bf6 15.cxd5 cxd5
16.Bxf6 Nexf6 17.Rc6 Qa5 18.Nb3 Qa4 19.Nfd4 Rdc8 20.Qc3 Bb7  1/2-1/2

[Event "Decin op"]
[Site "Decin"]
[Date "1996.??.??"]
[Round "8"]
[White "Vaulin, Alexander"]
[Black "Kachur, Alexander"]
[Result "1-0"]
[WhiteElo "2485"]
[BlackElo "2290"]

1.g3 d5 2.Nf3 c6 3.Bg2 Nf6 4.c4 dxc4 5.O-O Nbd7 6.Na3 Nb6 7.Qc2 g6 8.Nxc4 Nxc4
9.Qxc4 Bg7 10.d3 O-O 11.Bd2 Qd5 12.Qc2 Qh5 13.Rac1 a5 14.Bc3 Nd5 15.Bxg7 Kxg7
16.Qd2 Bh3 17.Rc4 Bxg2 18.Kxg2 Qh6 19.Ng5 e5 20.Kg1 Kf6 21.Rg4 Qh5 22.Ne4+ Ke7
23.Rg5 Qh3 24.Rxe5+ Kd7 25.Rc1 b6 26.Rxc6 Kxc6 27.Qc2+ Kb7 28.Nd6+ Ka7 29.Re7+  1-0

[Event "Decin op"]
[Site "Decin"]
[Date "1996.??.??"]
[Round "9"]
[White "Mirumian, Vigen"]
[Black "Tolstikh, Nikolay"]
[Result "1/2-1/2"]
[WhiteElo "2430"]
[BlackElo "2420"]

1.Nf3 d5 2.g3 g6 3.Bg2 Bg7 4.O-O e5 5.d3 Ne7 6.Nbd2 O-O 7.e4 Nbc6 8.exd5 Nxd5
9.Re1 Re8 10.c3 h6 11.a4 a5 12.Nc4 Ra6 13.Qc2 Nb6 14.Nxb6 Rxb6 15.Be3 Ra6
16.Rad1 Bf5 17.Qb3 Qc8 18.Bc5 Be6 19.Qc2 Bg4 20.Re3 Ra8 21.Rde1 Qd7 22.Nd2 Bh3
23.Bh1 Be6 24.Nc4 Bd5 25.Bxd5 Qxd5 26.Ba3 Red8 27.Qb3 Rab8 28.Qb5 h5 29.Qxd5 Rxd5
30.f4 exf4 31.gxf4 Bh6 32.Rf3 Bf8 33.Bxf8 Kxf8 34.d4 Re8 35.Rxe8+ Kxe8 36.Kf2 Ne7
37.Re3 f6 38.Re1 Kf7 39.Ne3 Rd7 40.Kf3 b6 41.Re2 Nd5 42.Nxd5  1/2-1/2

[Event "DEN-ch qual"]
[Site "?"]
[Date "1996.??.??"]
[Round "1"]
[White "Jacobsen, Bo"]
[Black "Thuesen, Mogens"]
[Result "0-1"]
[WhiteElo "2315"]
[BlackElo "2230"]

1.g3 d5 2.Nf3 Bg4 3.Bg2 Nd7 4.O-O e6 5.d3 Bd6 6.h3 Bh5 7.c4 Ne7 8.Nbd2 O-O
9.Re1 c6 10.Qc2 Qb6 11.Nb3 e5 12.e4 Bxf3 13.Bxf3 d4 14.Bg2 a5 15.Rf1 Bb4
16.Rb1 a4 17.Na1 Qa6 18.h4 b5 19.Bh3 Rfd8 20.cxb5 cxb5 21.Qe2 Bd6 22.Nc2 b4
23.Ne1 Nc5 24.Bd2 b3 25.a3 Rf8 26.Rc1 Rae8 27.Bb4 Nb7 28.Qd2 f5 29.exf5 Nxf5
30.Bg2 Ne7 31.Bxd6 Nxd6 32.Nf3 Qb5 33.Ng5 Nd5 34.Qe2 h6 35.Ne4 Nxe4 36.Qxe4 Nf6
37.Qc6 Qxd3 38.Qxa4 Rc8 39.Rfd1 Rxc1 40.Rxc1 Ng4 41.Rf1 e4 42.Qd7 Nf6 43.Qe6+ Kh8
44.g4 Re8 45.Qf5 Qe2 46.g5 Qg4 47.Qb5 Rg8 48.Qxb3 hxg5 49.hxg5 Qxg5 50.a4 d3
51.Re1 Rc8 52.Qd1  0-1

[Event "DEN-ch qual"]
[Site "?"]
[Date "1996.??.??"]
[Round "6"]
[White "Jacobsen, Bo"]
[Black "Brondum, Eric"]
[Result "0-1"]
[WhiteElo "2315"]
[BlackElo "2270"]

1.g3 d5 2.Nf3 g6 3.Bg2 Bg7 4.O-O c5 5.c4 d4 6.d3 Nc6 7.Na3 Nf6 8.Nc2 O-O
9.Rb1 a5 10.b3 e5 11.e4 dxe3 12.Bxe3 Qe7 13.a3 Rd8  0-1

[Event "DEN-ch"]
[Site "?"]
[Date "1996.??.??"]
[Round "5"]
[White "Andreasen, Per"]
[Black "Borge, Nikolaj"]
[Result "0-1"]
[WhiteElo "2325"]
[BlackElo "2455"]

1.Nf3 d5 2.g3 c6 3.Bg2 Bg4 4.O-O Nd7 5.d4 e6 6.Nbd2 Ngf6 7.c4 Bd6 8.b3 O-O
9.Bb2 h6 10.Ne5 Bf5 11.Qc1 Rc8 12.Nxd7 Qxd7 13.Ba3 c5 14.Bxc5 Bxc5 15.dxc5 Rxc5
16.Qa3 b6 17.cxd5 exd5 18.Nf3 Rfc8 19.Rac1 Qc7 20.Rxc5 bxc5 21.Rc1 Qb6 22.e3 a5
23.Qb2 a4 24.Qe5 Be6 25.Nd2 axb3 26.Nxb3 c4 27.Nd4 Ra8 28.Nxe6 fxe6 29.Qa1 Qa5
30.e4 Qd2 31.Rf1 c3 32.Qb1 c2 33.Qb7 Rf8 34.Qc6 Nxe4 35.Bxe4 dxe4 36.Qxe6+ Kh8
37.Qe7 Rc8  0-1

[Event "DEN-chT9596"]
[Site "DEN"]
[Date "1996.??.??"]
[Round "7"]
[White "Hansen, Lars Bo"]
[Black "Rasmussen, Karsten"]
[Result "1-0"]
[WhiteElo "2565"]
[BlackElo "2440"]

1.Nf3 d5 2.g3 c6 3.Bg2 Bg4 4.O-O Nd7 5.d4 e6 6.Nbd2 Ngf6 7.Re1 Be7 8.e4 dxe4
9.Nxe4 Nxe4 10.Rxe4 Nf6 11.Re1 O-O 12.c3 Qb6 13.Qb3 Rfd8 14.Ne5 Bf5 15.Nc4 Qa6
16.a4 Nd5 17.Bd2 Nb6 18.Ne5 Nd7 19.g4 Bg6 20.Nxd7 Rxd7 21.Rxe6 Bc2 22.Qxc2 fxe6
23.Bf1 Qb6 24.Bd3 g6 25.Re1 Bd6 26.Bc4 Kg7 27.Bxe6 Re7 28.c4 Qc7 29.d5 Bf4
30.Qc3+ Kh6 31.g5+ Bxg5 32.Qh3+  1-0

[Event "Dresden op"]
[Site "Dresden"]
[Date "1996.??.??"]
[Round "2"]
[White "Kengis, Edvins"]
[Black "Koenig, Falk"]
[Result "1-0"]
[WhiteElo "2560"]
[BlackElo "2190"]

1.Nf3 d5 2.g3 Nf6 3.Bg2 g6 4.d4 Bg7 5.c4 c6 6.cxd5 cxd5 7.Nc3 Nc6 8.Ne5 O-O
9.Bg5 Bf5 10.O-O Nxe5 11.dxe5 Ne4 12.Bxe4 Bxe4 13.Qd4 f6 14.Nxe4 dxe4 15.Qc4+ Kh8
16.Bf4 f5 17.Qe6 Qb6 18.Qxe7 Rfe8 19.Qf7 Rf8 20.Qb3 Qxb3 21.axb3 Rfe8 22.Ra5 g5
23.Bxg5 Rxe5 24.Rxe5 Bxe5 25.Rd1 Bxb2 26.Rd5 Rf8 27.Rd7 Rg8 28.Be3 Rg7 29.Rd8+ Rg8
30.Rd5 Rf8 31.Bxa7 Kg7 32.Rb5 Rf7 33.Be3 Bc3 34.Kg2 Bb2 35.Rb6 Bf6 36.h4 h6
37.h5 Kh7 38.Rd6 Bg5 39.Bd4 Bd2 40.Rd8  1-0

[Event "Dresden op"]
[Site "Dresden"]
[Date "1996.??.??"]
[Round "4"]
[White "Pachow, Joerg"]
[Black "Wells, Peter K"]
[Result "0-1"]
[WhiteElo "2330"]
[BlackElo "2475"]

1.Nf3 d5 2.g3 c6 3.Bg2 Bg4 4.d3 Nd7 5.O-O e6 6.c4 Bc5 7.a3 a5 8.cxd5 exd5
9.e4 Ne7 10.exd5 Nxd5 11.Qa4 N5f6 12.d4 Be7 13.Bg5 O-O 14.Nc3 h6 15.Bxf6 Nxf6
16.Rfe1 Bd6 17.d5 cxd5 18.Nxd5 Bxf3 19.Bxf3 Nxd5 20.Bxd5 Bxg3 21.Bxf7+ Rxf7
22.hxg3 Qd2 23.Re8+ Rxe8 24.Qxe8+ Rf8 25.Qe6+ Kh8 26.Rf1 Qxb2 27.Qe7 Kg8
28.Rd1  0-1

[Event "Dresden op"]
[Site "Dresden"]
[Date "1996.??.??"]
[Round "6"]
[White "Maiwald, Jens Uwe"]
[Black "Rabiega, Robert"]
[Result "1/2-1/2"]
[WhiteElo "2490"]
[BlackElo "2475"]

1.Nf3 d5 2.g3 c6 3.Bg2 Bg4 4.O-O Nd7 5.d4 e6 6.Nbd2 Ngf6 7.Re1 Be7 8.e4 dxe4
9.Nxe4 O-O 10.c3 a5 11.a4 Qb6 12.Ned2 Nd5 13.Nc4 Qc7 14.Qb3 Rfd8 15.Nfe5 Nxe5
16.Nxe5 Bf5 17.g4 Bg6 18.f4 Bd6 19.h4 Bxe5 20.Rxe5 f6 21.Re2 Nxf4 22.Bxf4 Qxf4
23.Qxe6+ Bf7 24.Qe4 Qh6 25.Qf5 Qxh4 26.Rae1 Bg6 27.Qe6+ Bf7 28.Qf5 Bg6 29.Qe6+ Bf7  1/2-1/2

[Event "Dresden op"]
[Site "Dresden"]
[Date "1996.??.??"]
[Round "8"]
[White "Troyke, Christian"]
[Black "Wichmann, Cliff"]
[Result "1-0"]
[WhiteElo "2360"]
[BlackElo "2230"]

1.g3 d5 2.Nf3 c6 3.Bg2 Bg4 4.c4 e6 5.O-O Nd7 6.d3 Be7 7.Nbd2 Ngf6 8.b3 O-O
9.Bb2 Ne8 10.Qc2 Bf6 11.d4 Bf5 12.e4 Bg6 13.Ne5 dxe4 14.Nxg6 hxg6 15.Nxe4 Be7
16.Rad1 Nef6 17.Rfe1 Rc8 18.h4 Nxe4 19.Bxe4 Qa5 20.Kg2 Rfd8 21.Bf3 Qf5 22.Qe2 Nf6
23.Bc3 g5 24.hxg5 Qxg5 25.Rh1 Bd6 26.Rh4 Kf8 27.Re1 Kg8 28.Qc2 Re8 29.Reh1 Kf8
30.Qe2 Ke7 31.Bd2 Qf5 32.Be3 Qa5 33.g4 g5 34.Rh6 Bf4 35.Bxf4 gxf4 36.d5 cxd5
37.Qe5 Nd7 38.Qg5+ f6 39.Qxf4 dxc4 40.Rh7+ Kd8 41.Rxd7+ Kxd7 42.Rh7+ Re7
43.Qd4+ Ke8 44.Rh8+  1-0

[Event "Asia-ch"]
[Site "Dubai"]
[Date "1996.??.??"]
[Round "?"]
[White "Zilberman, Nathan R"]
[Black "Pavanasam, Ananchaperumal"]
[Result "1-0"]
[WhiteElo "2410"]
[BlackElo "2270"]

1.Nf3 d5 2.g3 c6 3.Bg2 Bf5 4.d3 Nf6 5.O-O e6 6.c4 dxc4 7.dxc4 Qxd1 8.Rxd1 Nbd7
9.Nc3 Ne4 10.Nxe4 Bxe4 11.Rxd7 Bxf3 12.Rc7 Bxe2 13.Be3 Bxc4 14.Rxc6 bxc6
15.Bxc6+ Kd8 16.Bxa8 Bd6 17.b3 Ke7 18.Be4 f5 19.Bxf5 exf5 20.bxc4 Rc8 21.Bxa7 Rxc4
22.a4 f4 23.Kg2 fxg3 24.hxg3 h5 25.a5 h4 26.gxh4 Rxh4 27.a6 Rh8 28.Bd4 Kf7
29.a7 Ra8 30.Kf3 Ke6 31.Ke4 g5 32.Ra6 Kd7 33.Kd5 Be7 34.Be5 Bd8 35.Bb8 Bc7
36.Rg6 Bxb8 37.Rg7+ Kd8 38.Rg8+ Kc7 39.axb8=Q+ Rxb8 40.Rxb8 Kxb8 41.Ke5 Kc8
42.Kf5 Kd7 43.Kxg5 Ke7 44.f4 Kf7 45.Kf5  1-0

[Event "Nord Cup 2nd"]
[Site "Duesseldorf"]
[Date "1996.??.??"]
[Round "3"]
[White "Podzielny, Karl Heinz"]
[Black "Becker, M."]
[Result "1-0"]
[WhiteElo "2465"]
[BlackElo "2110"]

1.Nf3 d5 2.g3 Bg4 3.Bg2 Nd7 4.O-O c6 5.b3 e5 6.Bb2 Bd6 7.d3 Ngf6 8.Nbd2 O-O
9.h3 Bh5 10.g4 Bg6 11.Nh4 Qe7 12.a3 a5 13.e3 Rfd8 14.Qe2 Rab8 15.Nxg6 hxg6
16.c4 Qe6 17.Rfd1 b5 18.cxd5 cxd5 19.g5 Ne8 20.Qg4 Qxg4 21.hxg4 Nb6 22.Nf3 f6
23.gxf6 gxf6 24.g5 Kf7 25.gxf6 Kxf6 26.Rac1 Rdc8 27.Bh3 Rc7 28.Rxc7 Nxc7
29.Rc1 Nc4 30.dxc4 bxc4 31.Nd2 cxb3 32.f4 Nb5 33.fxe5+  1-0

[Event "Elgoibar"]
[Site "Elgoibar"]
[Date "1996.??.??"]
[Round "2"]
[White "Campora, Daniel H"]
[Black "Korneev, Oleg"]
[Result "1/2-1/2"]
[WhiteElo "2545"]
[BlackElo "2565"]

1.Nf3 d5 2.g3 g6 3.Bg2 Bg7 4.O-O e5 5.d3 Ne7 6.e4 Nbc6 7.Nc3 dxe4 8.dxe4 Bg4
9.Be3 Nd4 10.Bxd4 exd4 11.Ne2 c5 12.c3 dxc3 13.Nxc3 O-O 14.Qb3 Qc7 15.Rac1 Rad8
16.Nd5 Nxd5 17.exd5 b6 18.Nd2 Rfe8 19.Rfe1 Qd7 20.Nc4 Rxe1+ 21.Rxe1 Re8 22.Rxe8+ Qxe8
23.Ne3 Bd7 24.Qc2 Qe5 25.b3 Qa1+ 26.Bf1 Bd4 27.Nd1 Bf6 28.Qe2 Kg7 29.h4 h5
30.Kh2 Bg4 31.f3 Bd7 32.Bh3 Bb5 33.Qxb5 Qxd1 34.Qf1 Qxd5 35.Qe2 Qd6 36.Kg2 Qc6
37.Qd3 Qe8 38.Bd7 Qe1 39.Bb5 Bd4 40.Qf1 Qd2+ 41.Qe2 Qc1 42.f4 Qg1+ 43.Kf3 Qh1+
44.Qg2 Qb1 45.Qe2 Qf5 46.Kg2 Qb1 47.Bc4 Qg1+ 48.Kf3 Kf8 49.Qf1 Qe3+ 50.Kg2 a5
51.a4 Kg7 52.Qf3 Qg1+ 53.Kh3 Qb1 54.Kg2 Qf5 55.Qd5 Qxd5+  1/2-1/2